000 01369nam a22003617a 4500
999 _c21492
_d21492
003 AR-CdUCM
008 190220b ||||| |||| 00| 0 spa d
020 _a9789972514500
040 _aMUNICIPALIDAD PROVINCIAL DEL CUSCO
_cBIBLIOTECA MUNICIPAL DEL CUSCO
082 _a323.1198/C52
_bC52
100 _aChaumeil, Jean-Pierre
_945048
245 _aDe la política indígena, Perú y Bolivia /
_cJean-Pierre Chaumeil, Franck Poupeau, Carmen Salazar-Soler ; Georges Lomné (ed.).
260 _aLima :
_bInstituto de Estudios Peruanos, IEP,
_c2014.
300 _a128 páginas. :
_bilustraciones ;
_c20 cm.
440 _aColección mínima,
_n68.
_945049
500 _zIncluye bibliografías.
650 _aIncluye bibliografías.
_945050
650 _aParticipación política
_97489
650 _aMovimientos indigenistas
_924418
650 _aIndígenas de Bolivia
_945051
650 _aParticipación política
_97489
650 _aMovimientos indigenistas
_924418
650 _aActividad política
_99761
650 _aPerú
_945052
650 _aBolivia
_91138
700 _aPoupeau, Franck
_945053
700 _aSalazar Soler, Carmen
_945054
700 _aLomné, Georges (editor)
_945055
710 _aInstituto de Estudios Peruanos (Lima)
_99759
710 _aInstitut Français d'Études Andines (Lima)
_93476
942 _2ddc
_cLIBROS
945 _aRoel